ក្រពើលោកនេន / (Record no. 4562)

MARC details
000 -LEADER
fixed length control field 02822nam a22003257a 4500
001 - CONTROL NUMBER
control field 4562
003 - CONTROL NUMBER IDENTIFIER
control field FISKH
005 - DATE AND TIME OF LATEST TRANSACTION
control field 20240919155114.0
008 - FIXED-LENGTH DATA ELEMENTS--GENERAL INFORMATION
fixed length control field 240916b cb ||||| |||| 00| 0 eng d
020 ## - INTERNATIONAL STANDARD BOOK NUMBER
International Standard Book Number 9789995094140
040 ## - CATALOGING SOURCE
Original cataloging agency FISKH
Language of cataloging Bilingual
Transcribing agency FISKH
Modifying agency FISKH
050 ## - LIBRARY OF CONGRESS CALL NUMBER
Classification number PZ7
082 ## - DEWEY DECIMAL CLASSIFICATION NUMBER
Classification number 200
100 ## - MAIN ENTRY--PERSONAL NAME
Personal name Sotheary, Kimsun
Relator term Editor
245 ## - TITLE STATEMENT
Title ក្រពើលោកនេន /
Statement of responsibility, etc. Edit by Kimsun Sotheary : illustrated by Thai San
250 ## - EDITION STATEMENT
Edition statement ចេញផ្សាយខែមករា ឆ្នាំ២០០៩
260 ## - PUBLICATION, DISTRIBUTION, ETC.
Place of publication, distribution, etc. ភ្នំពេញ :
Name of publisher, distributor, etc. Reading Books ;
Date of publication, distribution, etc. ២០០៩ .
300 ## - PHYSICAL DESCRIPTION
Extent 16 pages :
Other physical details color illustrations ;
Dimensions 25 cm .
490 ## - SERIES STATEMENT
Series statement ពិភពរឿងនិទាន
505 ## - FORMATTED CONTENTS NOTE
Formatted contents note K <br/>
520 ## - SUMMARY, ETC.
Summary, etc. កាលពីដើមឡើយមានក្រពើមួយឈ្មោះ នាងឪរៃ ជាក្រពើរបស់លោកសង្ឃចិញ្ចឺម ។ក្រពើនេះធំតែនៅចាញ់ក្រពើមួយទៀតឈ្មោះសុពណ៏កាលី ។​នាងមានបំនងប្រលងប្ញទ្ធិជាមួយនឹងក្រពើសុពណ៏កាលី ។ នាងបាននិមិត្តខ្លួនជាលោកនេនដើម្បើសុំដោយសារទូកអ្នកស្រុក។​ ពេលមកដល់ច្រាំងនាងក៏សម្តែងប្ញទិ្ធប្រែខ្លួនជាក្រពើហែលសំដៅទៅរកក្រពើសុពណ៏កាលី ។​ក្រពើសុពណ៏កាលីត្រូវស្លាប់ហើយក៏កើតជាភ្នំឈ្មោះថា សុពណ៏លកាលី ។​ក្រោយពីទួលបានជ័យជំនះហើយនាងក៏បានចំលងលោកនេនឆ្លងទឺកតែបានជួបនឺងបច្ចាមិត្ត ។ នាងក៏លេបលោកនេនដើម្បើប្រយុទ្ធ តែអកុសលលោកនេនក៏បានសុគតបាត់ទៅ។
520 ## - SUMMARY, ETC.
Summary, etc. In the past, there was a crocodile named Neang Orey, a crocodile of a monk. This crocodile was big but lost to another crocodile named Sopon Kali. She pretended to be Mr. Nen to beg for a local boat. When she reached the shore, she turned into a crocodile and swam towards the Kali crocodile.The crocodile Sophon Kali died and was born in a mountain called Sopol Kalali. She swallowed Nen to fight, but unfortunately Nen died.
521 8# - TARGET AUDIENCE NOTE
Target audience note 520 <br/>
Source Lexile estimate <br/>
521 8# - TARGET AUDIENCE NOTE
Target audience note K <br/>
Source Raz-Plus <br/>
650 ## - SUBJECT ADDED ENTRY--TOPICAL TERM
Topical term or geographic name entry element លោកនេន
650 ## - SUBJECT ADDED ENTRY--TOPICAL TERM
Topical term or geographic name entry element monk
700 ## - ADDED ENTRY--PERSONAL NAME
Personal name San, Thai
Relator term illustrator
942 ## - ADDED ENTRY ELEMENTS (KOHA)
Source of classification or shelving scheme Dewey Decimal Classification
Koha item type Khmer Books
Suppress in OPAC No
Holdings
Withdrawn status Lost status Source of classification or shelving scheme Damaged status Not for loan Collection Home library Current library Shelving location Date acquired Total Checkouts Full call number Barcode Date last seen Copy number Price effective from Koha item type Date last checked out
    Dewey Decimal Classification     Khmer-English Bilingual / ភាសាខ្មែរ-អង់គ្លេស Footprints International School Library Network Toul Tom Poung Campus Footprints International School Library Network Toul Kork Campus TTP Primary Khmer Bookshelves 11/21/2025 1 SOT PZ7 200 2025-4870 04/24/2026 6 11/21/2025 Khmer Books 02/06/2026
    Dewey Decimal Classification     Khmer-English Bilingual / ភាសាខ្មែរ-អង់គ្លេស Footprints International School Library Network Toul Tom Poung Campus Footprints International School Library Network Toul Tom Poung Campus TTP Primary Khmer Bookshelves 09/16/2024   SOT PZ7 200 FIS03899 09/16/2024 1 09/16/2024 Khmer Books  
    Dewey Decimal Classification     Khmer-English Bilingual / ភាសាខ្មែរ-អង់គ្លេស Footprints International School Library Network Toul Tom Poung Campus Footprints International School Library Network Toul Tom Poung Campus TTP Primary Khmer Bookshelves 09/16/2024   SOT PZ7 200 FIS04333 09/20/2024 2 09/16/2024 Khmer Books  
    Dewey Decimal Classification     Khmer-English Bilingual / ភាសាខ្មែរ-អង់គ្លេស Footprints International School Library Network Toul Tom Poung Campus Footprints International School Library Network Toul Tom Poung Campus TTP Primary Khmer Bookshelves 10/09/2025   SOT PZ7 200 FIS05382 10/09/2025 3 10/09/2025 Khmer Books  
    Dewey Decimal Classification     Khmer-English Bilingual / ភាសាខ្មែរ-អង់គ្លេស Footprints International School Library Network Toul Tom Poung Campus Footprints International School Library Network Toul Tom Poung Campus TTP Primary Khmer Bookshelves 10/23/2025   SOT PZ7 200 2025-4718 10/23/2025 4 10/23/2025 Khmer Books  
    Dewey Decimal Classification     Khmer-English Bilingual / ភាសាខ្មែរ-អង់គ្លេស Footprints International School Library Network Toul Tom Poung Campus Footprints International School Library Network Toul Tom Poung Campus TTP Primary Khmer Bookshelves 10/24/2025   SOT PZ7 200 FIS04283 10/24/2025 5 10/24/2025 Khmer Books